000 01195cam a2200217 4500
001 ABS65502
008 020610n2002 000 0 eng u
035 _a(Sirsi) u118339
245 _aMany paths to a just settlement
260 _c2002
490 _aEstates Gazette
_v(0220) 18 May 2002, 214-216(3)
520 _aA Mainly for students article that considers the Civil Procedure Rules, Pact, expert witnesses and the RICS Dispute Resolution Service. Lease renewal cases are determined by the courts using the CPR 1998. The rules were introduced to simplify and cut the costs of disputes originally heard under old County Court and High Court rules. Discusses how the CPR works in governing conduct and costs, the use of PACT in lease renewal cases and the power of the courts in controling the progress of the case. Also small sections on Part 36 offers/payments, the RICS Dipute Resolution Service and expert witnesses.
590 _aABS
650 _aCIVIL PROCEDURE RULES 1998
650 _aCIVIL PROCEDURE RULES PART 36
650 _aPACT
650 _aPROFESSIONAL ARBITRATION ON COURT TERMS
650 _aEXPERT WITNESSES
690 _aDispute resolution
_96236
942 _n0
999 _c70436
_d70436